World's Biggest Islands with World Map - Statistics

General Stats
  • This quiz has been taken 1,219 times
  • The average score is 34 of 45
Answers on the Map
Answers color-coded by a green-red scale on the quiz's map according to % correct below.
 
Answer Stats
Island % Correct
Iceland
95%
Iceland
95%
Madagascar
94%
Madagascar
94%
Cuba
92%
Cuba
92%
Denmark
92%
Greenland
92%
United Kingdom
91%
Indonesia
90%
Ireland
89%
Ireland
89%
Sri Lanka
86%
Sri Lanka
86%
Japan
84%
New Guinea
83%
Papua New Guinea
83%
Dominican Republic
82%
Haiti
82%
Hispaniola
82%
New Zealand
82%
Borneo
81%
Brunei
81%
Malaysia
81%
Canada
80%
Honshu
80%
North Island
79%
Great Britain
78%
South Island
74%
Australia
72%
Tasmania
72%
Philippines
71%
Java
70%
Baffin Island
68%
Luzon
68%
Sumatra
68%
Hokkaido
66%
Sulawesi
51%
Ellesmere Island
50%
Russia
49%
Sakhalin
49%
Victoria Island
46%
Mindanao
44%
Newfoundland
44%
Banks Island
33%
No matching quizzes found
Score Distribution
Percent of People with Each Score
Percentile by Number Answered
Your Score History
You have not taken this quiz